LIBRARY & INFORMATION CENTRE, KCAET, TAVANUR

ONLINE PUBLIC ACCESS CATALOGUE (OPAC)

Arc weldanam / (Record no. 4621)

MARC details
000 -LEADER
fixed length control field 00506cam a2200205ua 4500
041 ## - LANGUAGE CODE
Language code of text/sound track or separate title mal
082 ## - DEWEY DECIMAL CLASSIFICATION NUMBER
Classification number 637.5212
Item number GEO/AR
100 ## - MAIN ENTRY--AUTHOR NAME
Personal name George, Almedia D.
245 ## - TITLE STATEMENT
Title Arc weldanam /
260 ## - PUBLICATION, DISTRIBUTION, ETC. (IMPRINT)
Place of publication Thiruvananthapuram :
Name of publisher State Instititute of Languages ,
Year of publication 1978.
300 ## - PHYSICAL DESCRIPTION
Number of Pages ; .
942 ## - ADDED ENTRY ELEMENTS (KOHA)
Koha item type Books
Holdings
Withdrawn status Lost status Damaged status Home library Current library Date acquired Full call number Accession Number Koha item type
      KAUAET   07/04/2012 637.5212 14152 Books
      KAUAET   07/04/2012 637.5212 14153 Books
      KAUAET   07/04/2012 637.5212 14155 Books
      KAUAET KAUAET 07/04/2012 637.5212 14156 Books
free website counter